000 00732nam a2200217Ia 4500
001 11311
003 GE_BSU
008 181216s||||||||xx |||||||||||||| ||und||
040 _cGE_BSU
080 _a56
100 _aაკიმუშკინი, იგორ
245 _aგამქრალი სამყარო
245 _cრედ: ნანა ქართველიშვილი, მხატვ. მ. გერმანაშვილი
260 _aთბილისი
260 _bნაკადული
260 _c1989
300 _a198გვ.21სმ.ილ.
653 _aგამქრალი სამყარო
653 _aპალეონტოლოგია
942 _cBK
999 _c44513
_d44513